<?xml version="1.0" encoding="UTF-8"?>
<record
    xmlns:xsi="http://www.w3.org/2001/XMLSchema-instance"
    xsi:schemaLocation="http://www.loc.gov/MARC21/slim http://www.loc.gov/standards/marcxml/schema/MARC21slim.xsd"
    xmlns="http://www.loc.gov/MARC21/slim">

  <leader>03178njm a2200565Ia 4500</leader>
  <controlfield tag="001">24303</controlfield>
  <controlfield tag="003">IT-RoPAU</controlfield>
  <controlfield tag="005">20220918181118.0</controlfield>
  <controlfield tag="008">131025s9999    xx            000 0 und d</controlfield>
  <datafield tag="040" ind1=" " ind2=" ">
    <subfield code="a">IT-RoPAU</subfield>
  </datafield>
  <datafield tag="040" ind1=" " ind2=" ">
    <subfield code="c">IT-RoPAU</subfield>
  </datafield>
  <datafield tag="999" ind1=" " ind2=" ">
    <subfield code="c">99552</subfield>
    <subfield code="d">99552</subfield>
  </datafield>
  <datafield tag="999" ind1=" " ind2=" ">
    <subfield code="b">n.d.</subfield>
  </datafield>
  <datafield tag="100" ind1=" " ind2=" ">
    <subfield code="a">AA.VV.</subfield>
    <subfield code="9">794</subfield>
  </datafield>
  <datafield tag="100" ind1=" " ind2=" ">
    <subfield code="e">Autore musica</subfield>
    <subfield code="9">10081</subfield>
  </datafield>
  <datafield tag="100" ind1=" " ind2=" ">
    <subfield code="g">Codice autore musica SPICS: 12000</subfield>
    <subfield code="9">796</subfield>
  </datafield>
  <datafield tag="245" ind1=" " ind2=" ">
    <subfield code="a">Strings Latino-Edmundo Ros and His Orchestra</subfield>
  </datafield>
  <datafield tag="250" ind1=" " ind2=" ">
    <subfield code="a">1a ed.</subfield>
  </datafield>
  <datafield tag="260" ind1=" " ind2=" ">
    <subfield code="a">LONDON</subfield>
  </datafield>
  <datafield tag="260" ind1=" " ind2=" ">
    <subfield code="b">DECCA RECORD COMPANY</subfield>
    <subfield code="c">1968 [1a Ed.:1968]</subfield>
  </datafield>
  <datafield tag="300" ind1=" " ind2=" ">
    <subfield code="a">DISCO</subfield>
  </datafield>
  <datafield tag="500" ind1=" " ind2=" ">
    <subfield code="a">Musica strumentale. Latin rhythms</subfield>
  </datafield>
  <datafield tag="505" ind1=" " ind2=" ">
    <subfield code="a">Cumana - Felicidade - Mas que nada - A Man and a Woman - Green Eyes - Malaguena - Granada - La cumparsita - La macarena - Thank you Very Much - Delicado - Rumba Rhapsody</subfield>
  </datafield>
  <datafield tag="650" ind1=" " ind2=" ">
    <subfield code="a">STRUMENTALE [DISCHI]</subfield>
    <subfield code="e">Codice MATERIA SPICS: 9950</subfield>
    <subfield code="9">828</subfield>
  </datafield>
  <datafield tag="700" ind1=" " ind2=" ">
    <subfield code="a">Ros Edmundo</subfield>
    <subfield code="g">Codice interprete SPICS: 8168</subfield>
    <subfield code="e">Interprete</subfield>
    <subfield code="9">10082</subfield>
  </datafield>
  <datafield tag="700" ind1=" " ind2=" ">
    <subfield code="a">Hillman</subfield>
    <subfield code="g">Codice autore musica SPICS: 15608</subfield>
    <subfield code="e">Autore musica</subfield>
    <subfield code="p">Cumana</subfield>
    <subfield code="9">10083</subfield>
  </datafield>
  <datafield tag="700" ind1=" " ind2=" ">
    <subfield code="a">Spina Mauro</subfield>
    <subfield code="g">Codice autore SPICS: 15609</subfield>
    <subfield code="e">Autore</subfield>
    <subfield code="p">Cumana</subfield>
    <subfield code="9">10084</subfield>
  </datafield>
  <datafield tag="700" ind1=" " ind2=" ">
    <subfield code="a">Allen P.</subfield>
    <subfield code="g">Codice autore testo/musica SPICS: 23761</subfield>
    <subfield code="e">Autore testo/musica</subfield>
    <subfield code="p">Cumana</subfield>
    <subfield code="9">10085</subfield>
  </datafield>
  <datafield tag="700" ind1=" " ind2=" ">
    <subfield code="a">Jobim</subfield>
    <subfield code="g">Codice autore musica SPICS: 13937</subfield>
    <subfield code="e">Autore musica</subfield>
    <subfield code="p">Felicidade</subfield>
    <subfield code="9">10086</subfield>
  </datafield>
  <datafield tag="700" ind1=" " ind2=" ">
    <subfield code="a">Ben</subfield>
    <subfield code="g">Codice autore musica SPICS: 15610</subfield>
    <subfield code="e">Autore musica</subfield>
    <subfield code="p">Mas que nada</subfield>
    <subfield code="9">10087</subfield>
  </datafield>
  <datafield tag="700" ind1=" " ind2=" ">
    <subfield code="a">Lai Francis</subfield>
    <subfield code="g">Codice autore musica SPICS: 10971</subfield>
    <subfield code="e">Autore musica</subfield>
    <subfield code="p">A Man and a Woman</subfield>
    <subfield code="9">10088</subfield>
  </datafield>
  <datafield tag="700" ind1=" " ind2=" ">
    <subfield code="a">Barouh P.</subfield>
    <subfield code="g">Codice autore SPICS: 14415</subfield>
    <subfield code="e">Autore</subfield>
    <subfield code="p">A Man and a Woman</subfield>
    <subfield code="9">10089</subfield>
  </datafield>
  <datafield tag="700" ind1=" " ind2=" ">
    <subfield code="a">Keller</subfield>
    <subfield code="g">Codice autore testo/musica SPICS: 14405</subfield>
    <subfield code="e">Autore testo/musica</subfield>
    <subfield code="p">A Man and a Woman</subfield>
    <subfield code="9">10090</subfield>
  </datafield>
  <datafield tag="700" ind1=" " ind2=" ">
    <subfield code="a">Menendez</subfield>
    <subfield code="g">Codice autore musica SPICS: 15611</subfield>
    <subfield code="e">Autore musica</subfield>
    <subfield code="p">Green Eyes</subfield>
    <subfield code="9">10091</subfield>
  </datafield>
  <datafield tag="700" ind1=" " ind2=" ">
    <subfield code="a">Utrera</subfield>
    <subfield code="g">Codice autore SPICS: 15612</subfield>
    <subfield code="e">Autore</subfield>
    <subfield code="p">Green Eyes</subfield>
    <subfield code="9">10092</subfield>
  </datafield>
  <datafield tag="700" ind1=" " ind2=" ">
    <subfield code="a">Lecuona M.</subfield>
    <subfield code="g">Codice autore musica SPICS: 14010</subfield>
    <subfield code="e">Autore musica</subfield>
    <subfield code="p">Malaguena</subfield>
    <subfield code="9">10093</subfield>
  </datafield>
  <datafield tag="700" ind1=" " ind2=" ">
    <subfield code="a">Hansen</subfield>
    <subfield code="g">Codice autore SPICS: 15613</subfield>
    <subfield code="e">Autore</subfield>
    <subfield code="p">Malaguena</subfield>
    <subfield code="9">10094</subfield>
  </datafield>
  <datafield tag="700" ind1=" " ind2=" ">
    <subfield code="a">Banks Billy</subfield>
    <subfield code="g">Codice autore testo/musica SPICS: 16349</subfield>
    <subfield code="e">Autore testo/musica</subfield>
    <subfield code="p">Malaguena</subfield>
    <subfield code="9">10095</subfield>
  </datafield>
  <datafield tag="700" ind1=" " ind2=" ">
    <subfield code="a">Lara Augustin</subfield>
    <subfield code="g">Codice autore musica SPICS: 14008</subfield>
    <subfield code="e">Autore musica</subfield>
    <subfield code="p">Granada</subfield>
    <subfield code="9">10096</subfield>
  </datafield>
  <datafield tag="700" ind1=" " ind2=" ">
    <subfield code="a">Poletto Enzo</subfield>
    <subfield code="g">Codice autore SPICS: 13595</subfield>
    <subfield code="e">Autore</subfield>
    <subfield code="p">Granada</subfield>
    <subfield code="9">10097</subfield>
  </datafield>
  <datafield tag="700" ind1=" " ind2=" ">
    <subfield code="a">Dodd Dorsey</subfield>
    <subfield code="g">Codice autore testo/musica SPICS: 8019</subfield>
    <subfield code="e">Autore musica</subfield>
    <subfield code="p">Granada</subfield>
    <subfield code="9">10098</subfield>
  </datafield>
  <datafield tag="700" ind1=" " ind2=" ">
    <subfield code="a">Rodriguez Amalia</subfield>
    <subfield code="g">Codice autore musica SPICS: 14399</subfield>
    <subfield code="e">Autore musica</subfield>
    <subfield code="p">La cumparsita</subfield>
    <subfield code="9">10099</subfield>
  </datafield>
  <datafield tag="700" ind1=" " ind2=" ">
    <subfield code="a">Calero</subfield>
    <subfield code="g">Codice autore musica SPICS: 15614</subfield>
    <subfield code="e">Autore musica</subfield>
    <subfield code="p">La macarena</subfield>
    <subfield code="9">10100</subfield>
  </datafield>
  <datafield tag="700" ind1=" " ind2=" ">
    <subfield code="a">Monterde</subfield>
    <subfield code="g">Codice autore SPICS: 15615</subfield>
    <subfield code="e">Autore</subfield>
    <subfield code="p">La macarena</subfield>
    <subfield code="9">10101</subfield>
  </datafield>
  <datafield tag="700" ind1=" " ind2=" ">
    <subfield code="a">McGear</subfield>
    <subfield code="g">Codice autore musica SPICS: 15616</subfield>
    <subfield code="e">Autore musica</subfield>
    <subfield code="p">Thank You Very Much</subfield>
    <subfield code="9">10102</subfield>
  </datafield>
  <datafield tag="700" ind1=" " ind2=" ">
    <subfield code="a">Azavedo</subfield>
    <subfield code="g">Codice autore musica SPICS: 15501</subfield>
    <subfield code="e">Autore musica</subfield>
    <subfield code="p">Delicado</subfield>
    <subfield code="9">10103</subfield>
  </datafield>
  <datafield tag="700" ind1=" " ind2=" ">
    <subfield code="a">Lawrence Steve</subfield>
    <subfield code="g">Codice autore SPICS: 13116</subfield>
    <subfield code="e">Autore</subfield>
    <subfield code="p">Delicado</subfield>
    <subfield code="9">10104</subfield>
  </datafield>
  <datafield tag="700" ind1=" " ind2=" ">
    <subfield code="a">Audinot</subfield>
    <subfield code="g">Codice autore musica SPICS: 15617</subfield>
    <subfield code="e">Autore musica</subfield>
    <subfield code="p">Rumba Rhapsody</subfield>
    <subfield code="9">10105</subfield>
  </datafield>
  <datafield tag="700" ind1=" " ind2=" ">
    <subfield code="a">De Bru</subfield>
    <subfield code="g">Codice autore SPICS: 15618</subfield>
    <subfield code="e">Autore</subfield>
    <subfield code="p">Rumba Rhapsody</subfield>
    <subfield code="9">10106</subfield>
  </datafield>
  <datafield tag="942" ind1=" " ind2=" ">
    <subfield code="c">MD</subfield>
    <subfield code="2">ddc</subfield>
  </datafield>
  <datafield tag="952" ind1=" " ind2=" ">
    <subfield code="0">0</subfield>
    <subfield code="1">0</subfield>
    <subfield code="4">0</subfield>
    <subfield code="6">24303_000000000000000</subfield>
    <subfield code="7">1</subfield>
    <subfield code="a">SPICS</subfield>
    <subfield code="b">SPICS</subfield>
    <subfield code="d">2013-10-25</subfield>
    <subfield code="l">0</subfield>
    <subfield code="o">24303</subfield>
    <subfield code="r">2013-10-25 00:00:00</subfield>
    <subfield code="w">2013-10-25</subfield>
    <subfield code="y">MD</subfield>
    <subfield code="z">Progr. Ins.: 5149 / N.Vol.: 1 / Copie: 1 - Copia rara: n.d. / date import: 01.01.2014 - By Epidotti, Trombetti, Vaglietti</subfield>
  </datafield>
</record>
